Phỏng vấn người Hà Nội

Phan Hoàng là nhà báo của tờ Kiến Thức Ngày Nay. Tác giả đã phong vấn: Huy Cận; Thanh Châu; Đoàn Chuẩn; Võ Nguyên Giáp; Đinh Xuân Lâm; Kim Lân; Vũ Đình Liên; Đồng Sỹ Nguyên; Nguyễn Đình Phúc; Nguyễn Xuân Sanh; Anh Thơ; Nguyễn Xiển... các bài phỏng v...

Disgrifiad llawn

Wedi'i Gadw mewn:
Manylion Llyfryddiaeth
Prif Awdur: Phan Hoàng
Fformat: Llyfr
Iaith:Undetermined
Cyhoeddwyd: Tp. HCM Trẻ 2000
Pynciau:
Tagiau: Ychwanegu Tag
Dim Tagiau, Byddwch y cyntaf i dagio'r cofnod hwn!
Thư viện lưu trữ: Trung tâm Học liệu Trường Đại học Cần Thơ
LEADER 00947nam a2200181Ia 4500
001 CTU_39670
008 210402s9999 xx 000 0 und d
082 |a 809 
082 |b H406 
100 |a Phan Hoàng 
245 0 |a Phỏng vấn người Hà Nội 
245 0 |c Phan Hoàng 
260 |a Tp. HCM 
260 |b Trẻ 
260 |c 2000 
520 |a Phan Hoàng là nhà báo của tờ Kiến Thức Ngày Nay. Tác giả đã phong vấn: Huy Cận; Thanh Châu; Đoàn Chuẩn; Võ Nguyên Giáp; Đinh Xuân Lâm; Kim Lân; Vũ Đình Liên; Đồng Sỹ Nguyên; Nguyễn Đình Phúc; Nguyễn Xuân Sanh; Anh Thơ; Nguyễn Xiển... các bài phỏng vấn đã khắc họa được chân dung các nhân vật và thời đại mà họ đa sống 
650 |a vietnamese literature - biography 
980 |a Trung tâm Học liệu Trường Đại học Cần Thơ